000 00389nam a2200157Ia 4500
005 20250428013247.0
008 240331s9999 xx 000 0 und d
020 _a9555670005
082 _bLEE
_a891
100 _aLeelarathne,U
245 0 _aMinis bombaya ha wedanawa
260 _aColombo
_bDatyawanasa Publishers
_c1999
300 _a84 p .,
650 _aTamil Short Story
942 _cL
999 _c4855
_d4855